Statistics for Most Populated Countries an Empires in 1500

Click here to take the quiz!

General Stats

  • This quiz has been taken 556 times
  • The average score is 8 of 12

Answer Stats

PopulationCountry/Empire% Correct
125,000,000Ming Empire
93%
16,250,000French Empire
87%
8,550,000Spanish Empire
86%
11,000,000Ottoman Empire
85%
2,750,000English Empire
79%
17,000,000Ashikaga Shogunate
74%
3,000,000Kingdom of Portugal
71%
16,000,000Holy Roman Empire
68%
12,000,000Inca Empire
52%
6,000,000Aztec
45%
7,500,000Polish Union
44%
4,000,000Kingdom of Hungary
24%

Score Distribution

Percentile by Number Answered

Percent of People with Each Score

Your Score History

You have not taken this quiz